Countries - Type the First Letter - Statistics

General Stats
  • This quiz has been taken 1,382 times
    1,292 since last reset
  • The average score is 101 of 156
Answers on the Map
Answers color-coded by a green-red scale on the quiz's map according to % correct below.
 
Answer Stats
Country % Correct
Italy
97%
India
94%
Angola
92%
Azerbaijan
92%
Laos
90%
Guatemala
89%
South Sudan
88%
Vietnam
88%
Slovenia
87%
South Africa
87%
Belarus
86%
Serbia
86%
Switzerland
86%
Belgium
85%
Germany
85%
Greece
85%
Mali
85%
Myanmar
85%
Cyprus
84%
Israel
84%
Liberia
84%
Mauritania
84%
Mexico
84%
Montenegro
84%
Morocco
84%
Turkmenistan
84%
Democratic Republic of the Congo
83%
Yemen
83%
France
82%
Netherlands
82%
Nigeria
82%
Honduras
81%
Indonesia
81%
Guyana
80%
Norway
80%
Gabon
79%
Colombia
78%
Eswatini
78%
Haiti
78%
Mozambique
78%
North Korea
78%
Panama
78%
Zambia
78%
Eritrea
77%
Malta
77%
Republic of the Congo
77%
Uzbekistan
77%
Venezuela
77%
Niger
76%
Afghanistan
75%
Senegal
75%
Slovakia
75%
Sri Lanka
75%
Tunisia
75%
Bosnia and Herzegovina
74%
Ukraine
73%
United Arab Emirates
73%
United States
73%
Djibouti
72%
Japan
72%
Nepal
72%
Benin
71%
Ecuador
71%
Georgia
71%
Guinea
71%
Estonia
70%
Ghana
70%
Brazil
69%
Czech Republic
69%
Uruguay
69%
Zimbabwe
69%
Bolivia
68%
Cameroon
68%
Denmark
68%
Ivory Coast
68%
Jordan
68%
Nicaragua
68%
Botswana
67%
Lesotho
67%
Romania
67%
Kyrgyzstan
66%
Spain
66%
Dominican Republic
65%
China
64%
Libya
64%
Guinea-Bissau
63%
Iceland
63%
Lithuania
63%
Albania
62%
Argentina
62%
Kazakhstan
62%
Poland
62%
Algeria
61%
Canada
61%
Latvia
61%
Kiribati
60%
North Macedonia
60%
Uganda
59%
Ethiopia
58%
Bulgaria
57%
Chad
57%
Equatorial Guinea
57%
Papua New Guinea
57%
Armenia
56%
Qatar
56%
Sweden
56%
Belize
55%
Cambodia
55%
Kuwait
55%
Moldova
55%
South Korea
55%
Bhutan
54%
Malawi
54%
Suriname
54%
Tanzania
54%
Sierra Leone
53%
Tajikistan
53%
Kosovo
52%
Turkey
52%
Central African Republic
51%
Ireland
51%
Burkina Faso
50%
Croatia
50%
Iran
48%
New Zealand
48%
Cuba
47%
Oman
47%
Somalia
47%
United Kingdom
47%
Hungary
46%
Mongolia
46%
Taiwan
46%
Togo
46%
Chile
45%
Pakistan
45%
Sudan
45%
Bangladesh
43%
Egypt
43%
Iraq
43%
Kenya
43%
Namibia
43%
Portugal
43%
Austria
42%
Philippines
42%
Peru
41%
Thailand
41%
El Salvador
40%
Malaysia
39%
Paraguay
38%
Syria
38%
Australia
36%
Saudi Arabia
36%
Costa Rica
35%
Madagascar
35%
Finland
33%
Russia
32%
No matching quizzes found
Score Distribution
Percent of People with Each Score
Percentile by Number Answered
Your Score History
You have not taken this quiz since the last reset